Kraje, które zakwalifikowały się do Mistrzostw Europy - Statystyki

Ogólne statystyki
  • Ten quiz został rozwiązany 996 razy
    936 od ostatniego zresetowania
  • Średni wynik to 32 z 37
Statystyki odpowiedzi
Rok debiutu KRAJ % Poprawnych
1964 Hiszpania
97%
2008 Polska
97%
1972 Niemcy
96%
1984 Portugalia
95%
1996 Rosja
95%
1992 Szwecja
95%
1960 Francja
94%
1968 Anglia
93%
1976 Holandia
93%
2016 Słowacja
93%
2012 Ukraina
93%
1968 Włochy
93%
1972 Belgia
92%
1996 Czechy
92%
1980 Grecja
91%
1988 Irlandia
91%
2000 Norwegia
91%
2020 Finlandia
90%
1996 Szwajcaria
90%
1964 Dania
88%
1964 Węgry
88%
2008 Austria
86%
2000 Słowenia
86%
1996 Chorwacja
85%
2016 Islandia
85%
1984 Rumunia
83%
1992 Szkocja
83%
2016 Walia
83%
1996 Turcja
81%
2016 Albania
79%
2004 Łotwa
79%
2020 Macedonia Północna
79%
1996 Bułgaria
77%
2016 Irlandia Północna
77%
1960 Jugosławia
68%
1960 ZSRR
67%
1960 Czechosłowacja
60%
Nie znaleziono quizów pasujących do podanych kryteriów
Rozkład punktacji
Procent ludzi z każdym wynikiem
Percentyl według liczby udzielonych odpowiedzi
Twoja historia wyników
Nie rozwiązałeś tego quizu od ostatniego zresetowania